000 00553nam a2200181Ia 4500
005 20250923144720.0
008 008 250917s9999 xx 000 0 eng d
037 _aTextual
040 _aDSWL
_beng
_cDSWL
041 _aeng
_2eng
084 _aYX,ZBx, N59
_qDSWL
245 0 _aSocial work practice in Family Agency
_cby U.S.A. Family Service Association of America
260 _aAmerica
_bA Family service Association of America
_c1959
300 _a61p.
365 _aINR
942 _cTEXL
_hYX,ZBx, N59
999 _c1442428
_d1442428